[Event "Diamond Cement GM Open 2018"]
[Site "Chittagong"]
[Date "2018.09.09"]
[Round "10"]
[White "Murshed, Niaz"]
[Black "Neelash Saha"]
[Result "*"]
[WhiteElo "2408"]
[BlackElo "2373"]
[Annotator "TA"]
[PlyCount "41"]
[EventDate "2018.09.02"]
[EventCountry "BAN"]
[SourceTitle "playchess.com"]
[Source "ChessBase"]
[SourceQuality "1"]

{[%evp 9,10,35,18]} 1. d4 e6 2. Nf3 c5 3. g3 Nf6 4. Bg2 d5 5. c4 cxd4 {Predecessor:} 6. O-O $146 Be7 7. cxd5 Nxd5 8. Nxd4 O-O 9. e4 Nb4 10. Nc3 N8c6 11. Nxc6 Nxc6 12. Be3 Qa5 13. Qb3 b6 14. Rfd1 Ba6 15. Rd7 Bc5 16. Bxc5 bxc5 17. Qa4 Qb6 18. Rad1 Ne5 19. R7d6 Qxb2 20. Qb3 Qxb3 21. axb3 {½-½ (34) Matlakov,M (2709)-Esipenko,A (2571) Moscow 2018} *

[Event "Diamond Cement GM Open 2018"]
[Site "Chittagong"]
[Date "2018.09.09"]
[Round "10"]
[White "Mohammad Minhaz Uddin"]
[Black "Lalith Babu M R"]
[Result "1/2-1/2"]
[WhiteElo "2328"]
[BlackElo "2527"]
[Annotator "TA"]
[PlyCount "161"]
[EventDate "2018.09.02"]
[EventCountry "BAN"]
[SourceTitle "playchess.com"]
[Source "ChessBase"]
[SourceQuality "1"]

{[%evp 21,161,-8,0,-16,-2,-12,0,-24,-15,-19,-9,-61,-17,-17,27,29,30,25,32,30,31,27,30,30,35,30,30,22,26,33,27,28,29,16,15,-10,0,-36,-39,-48,-54,-141,-132,-207,-28,-33,-8,-4,0,-10,0,0,25,31,29,25,35,47,72,0,6,0,0,0,0,0,0,0,31,44,56,15,14,10,13,0,0,0,1,0,0,0,0,0,0,0,0,0,0,0,0,-25,-27,-93,-32,-566,-580,-540,-502,-1145,-1133,-5477,-575,-1911,0,0,0,-202,0,0,0,-316,0,0,0,-16,0,0,0,0,0,0,0,0,0,0,0,0,0,0,0,0,0,0,0,0,0,0,0,0,0,0]} 1. e4 g6 2. d4 Bg7 3. Nc3 c6 4. h3 d6 5. Nf3 Nf6 6. a4 O-O 7. Be2 Nbd7 {[%cal Bb8d7,Bd7c5,Bc5e6,Be6d4][%mdl 32]} 8. O-O e5 9. dxe5 dxe5 10. Be3 Qe7 11. Nd2 Nc5 {LiveBook: 20 Games} 12. b4 {B08: Pirc Defence: Classical System} Ne6 13. Qb1 Nd4 14. Bd1 Rd8 (14... a5 15. bxa5 Rd8 16. Re1 Rxa5 17. Ne2 Nh5 18. c3 {0-1 (40) Boensch,U (2530)-Bologan,V (2656) Germany 2012}) 15. a5 Ne6 $146 ({Predecessor:} 15... Qf8 16. Nc4 Be6 17. Nxe5 Nxe4 18. Nxe4 Bxe5 {1-0 (34) Mohebbi,J (2300)-Gouret,T (2255) Paris 1993}) 16. Na4 (16. Re1 $11) 16... Nf4 (16... Rxd2 $5 17. Bxd2 Nxe4 $11) 17. Nc5 N6h5 (17... Ne8 {is interesting.} 18. Nf3 Nd6 19. c3 Rb8 20. Na4 Nc4) 18. Bxh5 Nxh5 19. Nf3 h6 20. Rd1 Re8 21. Qc1 Kh7 22. Qd2 f5 23. Qd6 Qxd6 24. Rxd6 Bf8 25. Rdd1 Nf6 26. exf5 gxf5 27. Bd2 Bg7 28. Be1 Rb8 29. Nd2 b6 30. axb6 axb6 31. Nd3 (31. Ncb3 $15) 31... e4 32. Nc1 (32. Nf4 $17 {keeps fighting.}) 32... Re7 $2 (32... Nd5 $1 $19 33. Ra7 Nc3 34. Nxe4 Nxe4) 33. Ndb3 $11 Nd5 34. Nd4 Rc7 {White must now prevent ...c5.} 35. Rb1 Nf4 36. Nce2 Ng6 37. Ng3 Ne7 $1 38. Nh5 Be5 39. Ne2 Ba6 40. Nhf4 (40. Bc3 $16 Bxc3 41. Nxc3) 40... Bxe2 41. Nxe2 Rg8 42. Bc3 Bxc3 43. Nxc3 Ng6 44. Kh2 Re7 45. b5 Rc8 46. bxc6 (46. Rd6 $5 {[%cal Rb5c6]} cxb5 47. Nd5 $14 (47. Nxb5 Rxc2 48. Kg1 e3 $11)) 46... Rxc6 47. Nd5 Ree6 48. Rd2 Red6 49. Rbd1 f4 50. Nb4 (50. c3 {is more complex.} Rc4 51. Rd4 b5 52. Kg1 h5 53. Kf1) 50... Rxd2 51. Rxd2 {[%mdl 4096] Endgame KRN-KRN} Re6 52. Re2 Ne7 53. Re1 Kg6 54. Kg1 Kf5 55. Rd1 e3 56. Re1 Ke4 57. Nd3 (57. Rd1 $11) 57... Rc6 (57... Nd5 $1 $17 58. fxe3 fxe3) 58. g3 $2 {[%mdl 8192]} (58. f3+ $15 Kf5 59. Rb1) 58... Rxc2 $19 59. Nxf4 Rxf2 60. Rb1 (60. Ng2 $142 Rf3 61. Ra1) 60... Nf5 61. Rxb6 Rd2 (61... Nxg3 $142 62. Ng2 Ne2+ 63. Kh2 Nf4 64. Rb4+ Ke5 65. Rb5+ Kd6) 62. Rf6 Nxg3 $2 ({Black should try} 62... Nd4 $19 {( -> ...Nf3+)} 63. Kh1 Rf2) 63. Ng2 $11 Ke5 64. Rf8 $2 {[#]} (64. Rxh6 $11 Rd1+ 65. Kh2 Nf1+ 66. Kg1) 64... e2 $2 ({Better is} 64... Nf5 $1 $19 65. Re8+ Kd4) 65. Re8+ Kd4 66. Ne1 $2 {[%mdl 8192] [#]} (66. Rd8+ $1 $11 {and White stays safe.} Kc3 67. Rc8+ Kb2 68. Rb8+ Kc3 69. Rc8+ Kb3 70. Rb8+ Kc4 71. Rc8+ Kb3 72. Rb8+ Kc4 73. Rc8+ Kd4 74. Rd8+ Kc3 75. Rc8+) 66... Ra2 $2 (66... Ne4 $1 $19 {Hoping for ...Rd1.} 67. Kh2 Rd1) 67. Kg2 {The position is equal.} Ne4 68. Rd8+ Ke3 {aiming for ...Ra1.} 69. Rd3+ $1 Kf4 70. Rf3+ Ke5 71. Re3 $1 Kd4 72. Kf3 Nc3 {Strongly threatening ...Ra8.} 73. Re6 Ra5 {And now ...Rf5+ would win.} (73... Ra7 $5 74. Rd6+ $8 Kc4 75. Rxh6 Re7 $15) 74. Rd6+ Kc4 75. Rc6+ Kb3 76. Rb6+ Ka2 {...Rf5+ is the strong threat.} 77. Rxh6 Kb2 78. Rc6 Re5 79. h4 Kc1 {Threatens to win with ...Kd2.} 80. Rxc3+ Kd2 81. Rc2+ {Precision: White = 54%, Black = 52%.} ({Of course not} 81. Kf4 Kxe1 82. Rc2 (82. Kxe5 $2 {perishes.} Kd2 $19) 82... Rb5 $17) 1/2-1/2

[Event "Diamond Cement GM Open 2018"]
[Site "Chittagong"]
[Date "2018.09.09"]
[Round "10"]
[White "Anustoop Biswas"]
[Black "Ghosh, Chanchal Kumer"]
[Result "1-0"]
[WhiteElo "2308"]
[BlackElo "2046"]
[Annotator "TA"]
[PlyCount "131"]
[EventDate "2018.09.02"]
[EventCountry "BAN"]
[SourceTitle "playchess.com"]
[Source "ChessBase"]
[SourceQuality "1"]

{[%evp 9,131,-11,-2,0,0,-3,0,0,3,-16,-22,-27,-10,-34,-37,-59,-20,-28,0,-15,-12,-10,0,-15,0,0,13,-9,0,-40,-20,-36,-18,-35,-21,-103,-56,-93,-89,-99,-100,-90,-74,-64,-72,-66,-63,-73,-49,-89,-82,-87,-57,-56,-26,-25,-25,-22,70,10,186,172,202,201,208,197,228,227,459,459,455,449,459,408,408,408,408,408,459,459,459,459,459,459,459,459,459,459,470,470,470,470,470,470,462,462,462,459,449,441,441,441,434,434,434,433,29960,29957,29956,29958,29957,29958,29958,29960,29960,29961,29957,29963,12805,12806,29976,29977,29994,29995]} 1. Nc3 c5 2. e4 d6 3. f4 e6 (3... g6 4. Nf3 Bg7 5. Bc4 e6 6. O-O Ne7 7. d3 Nbc6 8. a3 O-O 9. Ba2 Rb8 10. Qe1 Nd4 11. Nxd4 cxd4 12. Ne2 Bd7 13. Bd2 Rc8 14. Bb3 Qb6 15. Kh1 Rfe8 16. a4 d5 17. a5 {0-1 (61) Grischuk,A (2766)-Vachier Lagrave,M (2789) Leuven 2018}) 4. Bb5+ Nd7 5. Nf3 a6 6. Bxd7+ {B23: Sizilianisch (Geschlossenes System)} Bxd7 7. d3 Be7 8. O-O {Die Stellung ist ausgeglichen.} Nf6 9. h3 Bc6 10. Qe1 Qc7 11. d4 $146 ({Vorgänger:} 11. Bd2 Rc8 12. Ne2 c4 13. Ba5 b6 14. Bc3 cxd3 15. cxd3 {½-½ (55) Abdel Fadil,M (2236)-Aly,M (2006) Egypt 2016}) 11... cxd4 12. Nxd4 Qb6 {[#] Weiss muss nun ...e5 beachten.} 13. Be3 {Und Sxe6! würde nun gewinnen.} Qc7 14. Nxc6 Qxc6 15. Bd4 b5 16. a3 Rc8 17. Rd1 O-O 18. Rf2 Rfe8 19. Re2 a5 20. Kh1 Ra8 21. Rd3 b4 22. Nb1 (22. axb4 $11 axb4 23. Bxf6 Bxf6 24. Nd1) 22... d5 23. Bxf6 dxe4 24. Rxe4 {Lxe7 ist eine echte Drohung.} Bxf6 25. c3 Rab8 {Und weiter mit ...Lh4! wäre nett.} 26. axb4 axb4 27. cxb4 Bxb2 28. Kh2 Red8 29. Qe2 Bf6 30. Rc4 Qb6 31. Nc3 h6 32. Ne4 Be7 33. Nc5 {Droht stark Sd7.} Qc6 ({Besser ist} 33... Qb5 $11) 34. Nd7 (34. Nxe6 $1 $14 Qxe6 35. Re3) 34... Qxc4 $2 {[#]} (34... Qxd7 $1 $11 35. Rxd7 Rxd7) 35. Nf6+ $1 $18 {[%mdl 512]} Bxf6 36. Rxd8+ Rxd8 37. Qxc4 {[%mdl 4096] Endspiel KD-KTL} g5 38. b5 {Droht Dc7 und aus.} Rd4 $2 (38... gxf4 39. Qxf4 Bd4) 39. Qc8+ Kg7 40. b6 Rxf4 41. b7 Be5 42. b8=Q Bxb8 43. Qxb8 {KD-KT} Rf5 44. Qb2+ Kh7 45. Qc2 {zielt auf g4 ab.} Kg7 46. Qc3+ Kh7 47. Qd3 Kg7 48. Qd4+ Kg6 49. Qh8 h5 50. g4 hxg4 51. hxg4 Rd5 52. Kg3 Rd3+ 53. Kf2 Rd2+ 54. Ke3 {jetzt Dg8+ und aus.} Rd5 55. Kf3 Rd3+ 56. Ke4 {Beabsichtigt Dg8+ und Matt.} Rd5 57. Ke3 Rc5 (57... Rb5 $18 58. Kd4 Rd5+ 59. Kc4 f5 60. Qg8+ Kf6 61. Qf8+ Kg6) 58. Qg8+ Kf6 59. Qd8+ Kg6 60. Qd3+ Kh6 61. Qd4 Rc7 62. Qh8+ Kg6 63. Qg8+ Kh6 64. Kd4 e5+ 65. Kxe5 Re7+ 66. Kf5 {Precision: Weiß = 59%, Schwarz = 35%.} 1-0

[Event "Diamond Cement GM Open 2018"]
[Site "Chittagong"]
[Date "2018.09.09"]
[Round "10"]
[White "Mohammad Fahad, Rahman"]
[Black "Rahman, Ziaur"]
[Result "1-0"]
[WhiteElo "2263"]
[BlackElo "2477"]
[Annotator "TA"]
[PlyCount "119"]
[EventDate "2018.09.02"]
[EventCountry "BAN"]
[SourceTitle "playchess.com"]
[Source "ChessBase"]
[SourceQuality "1"]

{[%evp 13,119,24,22,7,8,4,4,11,10,13,10,-14,0,-9,-4,-18,-10,-5,27,16,26,2,6,6,21,7,38,37,39,4,30,33,33,35,42,43,52,41,62,65,67,64,64,54,48,44,70,64,66,58,58,71,65,47,52,48,102,92,122,122,122,120,122,122,167,172,193,174,163,166,189,184,193,152,235,238,258,228,268,275,367,368,367,356,364,363,487,475,419,429,514,504,527,527,522,525,519,514,520,513,498,495,735,639,1393,1099,959,1052]} 1. e4 g6 2. d4 Bg7 3. Nf3 d6 4. Nc3 Nf6 5. h3 O-O 6. Be3 a6 7. a4 Nc6 8. Bc4 {B08: Pirc Defence: Classical System} (8. Be2 e6 9. O-O b6 10. d5 exd5 11. exd5 Ne7 12. Bc4 Bb7 13. Qd2 Nf5 14. Bf4 Qd7 15. Rfe1 Rfe8 16. Rxe8+ Rxe8 17. Re1 Rxe1+ 18. Qxe1 {½-½ (63) Caruana,F (2799)-Grischuk,A (2782) Saint Louis 2017}) 8... Nxe4 9. Nxe4 {[#] Threatens to win with Nc3.} d5 10. Bd3 $1 {Black must now prevent Nc3.The position is equal.} dxe4 11. Bxe4 Qd6 12. Qd2 Rd8 $146 {[%cal Rc6d4]} ({Predecessor:} 12... e5 13. dxe5 Qxd2+ 14. Nxd2 Nxe5 15. O-O Rd8 {1-0 (54) Elseth,R (2330)-West,G (2395) Novi Sad 1990}) 13. Rd1 Qe6 14. Ng5 Qf6 {[%cal Rc6d4]} 15. c3 Bf5 16. O-O Na5 17. Qc2 Nc4 18. Bc1 Nd6 19. Bxf5 Nxf5 20. Rfe1 Qc6 {[%cal Rd8d4]} 21. Qe4 (21. Qb3 {seems wilder.} Qd5 22. Qxd5 Rxd5 23. Nf3 e6 24. g4) 21... Qxe4 (21... Rd5 {with more complications.} 22. Bf4 e6 23. Nf3 Qxa4 24. Bxc7 Qb3) 22. Nxe4 b6 23. Bf4 Rd7 24. a5 h6 25. Ra1 g5 26. Bh2 Nd6 27. Bxd6 cxd6 28. axb6 Rb7 29. Ng3 d5 30. Ra5 $36 {[%mdl 2048] White has good play.} e6 31. Rea1 Rxb6 32. b4 Rc8 33. Ne2 ({Don't blunder} 33. Rxa6 $2 Rxa6 34. Rxa6 Rxc3 $19) 33... Rcc6 34. Kf1 Bf6 ({Black should play} 34... e5 $14) 35. Ke1 $16 e5 {[#]} 36. dxe5 $1 Bxe5 37. Kd2 ({Much weaker is} 37. Rxd5 $6 Bxc3+ 38. Nxc3 Rxc3 $11) 37... Rd6 38. Kd3 Bg7 39. Nd4 Bf6 40. Rc5 Rd8 41. Raa5 Re8 42. Rxd5 Re1 43. Nb3 Rd1+ (43... Kg7 $16 {was worth a try.} 44. Ra2 Rg1) 44. Kc4 $18 Rf1 45. Rf5 Rg1 46. Nc5 Rc1 47. Rf3 Be7 48. Nxa6 Rc6+ 49. Nc5 Rg1 50. Ra8+ Kg7 51. Ra7 Kf8 {White is clearly winning.} 52. Kb5 Rd6 53. Re3 Bd8 54. Rd3 Rxd3 55. Nxd3 Rxg2 {KRB-KRN} 56. c4 {[%cal Bc3c4,Bc4c5][%mdl 32]} h5 57. c5 g4 (57... Rh2 $142 58. c6 h4) 58. hxg4 h4 59. Ra8 Ke7 60. Nf4 {Precision: White = 81%, Black = 44%.} 1-0

[Event "Diamond Cement GM Open 2018"]
[Site "Chittagong"]
[Date "2018.09.09"]
[Round "10"]
[White "Mohammad Fahad, Rahman"]
[Black "Rahman, Ziaur"]
[Result "*"]
[WhiteElo "2263"]
[BlackElo "2477"]
[Annotator "TA"]
[PlyCount "16"]
[EventDate "2018.09.02"]
[EventCountry "BAN"]
[SourceTitle "playchess.com"]
[Source "ChessBase"]
[SourceQuality "1"]

{[%evp 9,16,-5,0,-6,-14,-19,-22,-22,44]} 1. e4 d6 2. Nc3 Nf6 3. h3 (3. f4 c5 4. Nf3 Nc6 5. Bb5 Bd7 6. a4 a6 7. Bc4 Na5 8. Ba2 e6 9. e5 Ng8 10. O-O Nh6 11. d4 cxd4 12. Nxd4 Nc6 13. Be3 Nxd4 14. Bxd4 {0-1 (40) Short,N (2678)-Andriasian,Z (2585) Riadh 2017}) 3... a6 4. a4 $146 ({Predecessor:} 4. Nf3 g6 5. a3 Bg7 6. Bc4 O-O 7. O-O Nc6 8. d3 Rb8 9. Be3 e6 10. Qd2 {1-0 (61) Lanier,J (730)-Bester,K (232) LSS email 2009}) 4... Nc6 5. Bc4 Nxe4 {The position is equal.} 6. Nxe4 {[#] Hoping for Nc3. B07: Pirc Defence: Miscellaneous Systems} d5 7. Bd3 {Black must now prevent Ng3.} dxe4 8. Bxe4 Qd6 ({Black should try} 8... Nb4 $11) *

[Event "Diamond Cement GM Open 2018"]
[Site "Chittagong"]
[Date "2018.09.09"]
[Round "10"]
[White "Rahman, Md. Taibur"]
[Black "Barua, Dibyendu"]
[Result "1/2-1/2"]
[WhiteElo "2217"]
[BlackElo "2443"]
[Annotator "TA"]
[PlyCount "121"]
[EventDate "2018.09.02"]
[EventCountry "BAN"]
[SourceTitle "playchess.com"]
[Source "ChessBase"]
[SourceQuality "1"]

{[%evp 26,121,20,12,73,52,52,47,55,45,45,44,77,20,45,0,66,63,64,60,64,68,58,56,68,50,51,45,51,16,14,10,13,15,15,15,15,13,16,8,8,8,8,0,18,18,18,18,18,8,18,8,8,8,8,8,8,8,33,33,33,33,33,33,33,33,33,33,69,69,69,69,77,77,81,77,75,74,75,69,69,69,69,69,69,69,69,69,77,8,77,8,8,0,0,0,0,0]} 1. d4 Nf6 2. c4 e6 3. Nc3 d5 4. Bg5 c6 5. e3 Nbd7 {[%cal Bb8d7,Bd7f8,Bf8e6][%mdl 32]} 6. cxd5 exd5 7. Bd3 Be7 8. Qc2 Nf8 9. Nf3 Ne6 10. Bh4 g6 11. O-O Ng7 12. Rab1 Bf5 {D36: Queen's Gambit Declined: Exchange Variation: Main line (5 Bg5 c6 6 Qc2)} 13. b4 a6 14. a4 {[#] LiveBook: 10 Games} b5 $146 (14... Bxd3 $11 15. Qxd3 Nf5) ({Predecessor:} 14... Bxd3 15. Qxd3 Nf5 16. Bxf6 Bxf6 17. b5 O-O 18. bxc6 bxc6 19. Rfc1 a5 20. Ne2 {½-½ (68) Khismatullin,D (2566)-Timofeev,A (2650) Krasnoyarsk 2007}) 15. e4 (15. Rfc1 {seems wilder.} O-O 16. Ne2 Bxd3 17. Qxd3 Qe8 18. Qc2) 15... dxe4 16. Nxe4 O-O 17. Bxf6 Bxf6 18. Qxc6 Bxd4 19. Rfd1 ({Reject} 19. Nxd4 $6 Qxd4 20. Nf6+ Kh8 $15) (19. axb5 $16 {Strongly threatening Rbd1.} Bxf2+ 20. Rxf2 (20. Nxf2 Bxd3 21. Nxd3 Qxd3 $11) 20... Qxd3 21. Nf6+ Kh8 22. Re1) 19... Ne6 $11 20. Nc5 {[#] Hoping for Bxf5.} (20. axb5 {with more complications.} axb5 21. Qxb5 Rb8 22. Qc4 Rc8 23. Qa6) 20... Bxc5 ({Black should try} 20... Rc8 $11 21. Nxe6 fxe6 22. Qxa6 Bxd3 23. Rxd3 Bxf2+ 24. Kxf2 Rc2+ 25. Kg1 (25. Ke3 Qf6 $11) 25... Qxd3 26. Qxe6+ Kg7 27. Qe5+ Kg8 28. Qe6+ Kh8 29. Qe5+ Kg8 30. Qe6+) 21. Bxf5 $14 Qb6 22. Qxb6 Bxb6 23. Bxe6 $1 fxe6 24. Rd6 Bd8 25. axb5 axb5 26. Rxe6 Ra2 27. Re5 Rf5 28. Rxf5 gxf5 $11 {[%mdl 4096] Endgame KRB-KRN} 29. Nd4 Bb6 30. Nxb5 Rxf2 31. Kh1 Kf7 32. Nd6+ Ke6 33. Nc4 Bd4 34. b5 Kd5 35. Na5 Rb2 36. Rxb2 Bxb2 {KB-KN} 37. g3 Kc5 38. b6 Kb5 39. b7 Be5 40. Nb3 Kb6 41. Nd4 Kxb7 (41... f4 {is interesting.} 42. Nf3 Bd6 43. g4 Kxb7 44. Kg2 Kc6) 42. Nxf5 Kc6 43. Kg2 Kd5 44. Kf3 Bc7 45. Kg4 Ke5 46. Ne3 Bd8 47. Nc4+ Kf6 48. Kh5 Kg7 49. Nd6 Ba5 50. Nf5+ Kf6 51. g4 Bd2 52. Nd6 Bf4 53. Ne4+ Kg7 54. h3 h6 {[%cal Bh7h6,Bh6h5,Bh5g4][%mdl 32]} 55. Nc5 {And now Ne6+ would win.} Bc1 56. Ne6+ Kh7 57. Kh4 ({Better is} 57. Nd8 $16) 57... Kg6 {[#]} (57... Ba3 $1 $11 {remains equal.}) 58. Kg3 (58. Nf8+ $1 $16 Kf7 59. Nd7) 58... h5 {The position is equal.} 59. Nf4+ Bxf4+ $1 60. Kxf4 {Black must now prevent g5.} hxg4 61. Ke4 {Precision: White = 50%, Black = 55%.} 1/2-1/2

[Event "Diamond Cement GM Open 2018"]
[Site "Chittagong"]
[Date "2018.09.09"]
[Round "10"]
[White "Rahman, Md. Taibur"]
[Black "Barua, Dibyendu"]
[Result "*"]
[WhiteElo "2217"]
[BlackElo "2443"]
[Annotator "TA"]
[PlyCount "47"]
[EventDate "2018.09.02"]
[EventCountry "BAN"]
[SourceTitle "playchess.com"]
[Source "ChessBase"]
[SourceQuality "1"]

{[%evp 15,16,20,27]} 1. d4 Nf6 2. c4 e6 3. Nc3 d5 4. Bg5 c6 5. e3 Nbd7 6. cxd5 exd5 7. Bd3 Be7 8. Qc2 Nf8 {Predecessor:} 9. Nf3 $146 Ne6 10. Bh4 g6 11. O-O O-O 12. Rab1 Ng7 13. b4 a6 14. a4 Bf5 15. b5 axb5 16. axb5 Bxd3 17. Qxd3 Nf5 18. Bxf6 Bxf6 19. Ra1 Nd6 20. bxc6 bxc6 21. Ra6 Qc7 22. Rfa1 Qb7 23. Qe2 Rxa6 24. Qxa6 {½-½ (45) Tomashevsky,E (2713)-Sjugirov,S (2650) St Petersburg 2017} *

[Event "Diamond Cement GM Open 2018"]
[Site "Chittagong"]
[Date "2018.09.09"]
[Round "10"]
[White "Md., Sharif Hossain"]
[Black "S M Sharon"]
[Result "1-0"]
[WhiteElo "2182"]
[BlackElo "2163"]
[Annotator "TA"]
[PlyCount "16"]
[EventDate "2018.09.02"]
[EventCountry "BAN"]
[SourceTitle "playchess.com"]
[Source "ChessBase"]
[SourceQuality "1"]

{[%evp 9,16,-63,0,0,0,0,336,40,1198]} 1. d3 c6 (1... Nf6 2. Nd2 e5 3. Ngf3 Nc6 4. g3 d5 5. e4 Be7 6. Bg2 O-O 7. O-O h6 8. Re1 d4 9. Nc4 Nd7 10. a4 Re8 11. c3 dxc3 12. bxc3 Nc5 13. Nfxe5 Nxe5 14. Nxe5 Bf6 15. d4 Bxe5 16. dxe5 Qxd1 17. Rxd1 {1-0 (34) Nakamura,H (2786)-Caruana,F (2802) chess.com INT 2017}) 2. Nc3 d6 $146 ({Vorgänger:} 2... d5 3. e4 dxe4 4. dxe4 Qxd1+ 5. Nxd1 e5 6. Nf3 Nf6 7. Nxe5 Nxe4 8. Bc4 Nd6 9. Bb3 Nd7 10. Nxd7 Bxd7 11. O-O O-O-O 12. Bf4 {½-½ (20) Van Essen,M (1825)-Schweiger,W (1775) Schwarzach 1999}) 3. d4 Nf6 4. Nf3 e5 5. Be3 Ng4 ({Besser ist} 5... e4 $15 6. Nd2 d5) 6. Bg5 {A00: Unregelmäßige Eröffnungen} Qb6 7. h3 Qa5 $2 {[%mdl 8192] [#]} (7... Qxb2 $11 8. Bd2 exd4) 8. Bd2 $2 (8. hxg4 $18 {Droht dxe5 und aus.} e4 9. Qd2 exf3 10. exf3) 8... Qb5 $2 {[%mdl 8192]} (8... Nf6 $14) 1-0

[Event "Diamond Cement GM Open 2018"]
[Site "Chittagong"]
[Date "2018.09.09"]
[Round "10"]
[White "Anata, Choudhury"]
[Black "Ahmed, Sk.  Nasir"]
[Result "*"]
[WhiteElo "2109"]
[BlackElo "2249"]
[Annotator "TA"]
[PlyCount "30"]
[EventDate "2018.09.02"]
[EventCountry "BAN"]
[SourceTitle "playchess.com"]
[Source "ChessBase"]
[SourceQuality "1"]

{[%evp 15,17,25,39,55]} 1. e4 c5 2. Nf3 d6 3. d4 cxd4 4. Nxd4 Nf6 5. Nc3 a6 6. Bg5 e6 7. f4 Qc7 8. Qe2 {B96: Sicilian Najdorf: 6 Bg5 e6 7 f4, lines other than 7...Qb6 and 7...Be7} b5 {LiveBook: 12 Games} 9. a3 {Predecessor:} Nbd7 $146 10. O-O-O Be7 11. g4 Bb7 12. Bh4 h6 13. Kb1 Rc8 14. Rg1 g5 15. fxg5 Nh7 {1-0 (29) Eliseev,U (2548)-Sjugirov,S (2646) Khanty-Mansiysk 2015} *

[Event "Diamond Cement GM Open 2018"]
[Site "Chittagong"]
[Date "2018.09.09"]
[Round "10"]
[White "Anata, Choudhury"]
[Black "Ahmed, Sk.  Nasir"]
[Result "0-1"]
[WhiteElo "2109"]
[BlackElo "2249"]
[Annotator "TA"]
[PlyCount "32"]
[EventDate "2018.09.02"]
[EventCountry "BAN"]
[SourceTitle "playchess.com"]
[Source "ChessBase"]
[SourceQuality "1"]

{[%evp 16,32,38,36,37,10,58,47,66,-16,-23,-23,-15,-678,-662,-1280,-1278,-1216,-1187]} 1. e4 c5 2. Nf3 d6 3. d4 cxd4 4. Nxd4 Nf6 5. Nc3 a6 6. Bg5 e6 7. f4 Qc7 8. Qe2 {B96: Sicilian Najdorf: 6 Bg5 e6 7 f4, lines other than 7...Qb6 and 7...Be7} b5 9. a3 {LiveBook: 6 Games} Nc6 $146 {[%cal Bb8c6,Bc6b4,Bb4a2][%mdl 32]} ({Predecessor:} 9... Nbd7 10. O-O-O Be7 11. g4 Bb7 12. Bh4 h6 13. Kb1 Rc8 14. Rg1 g5 15. fxg5 Nh7 {1-0 (29) Eliseev,U (2548)-Sjugirov,S (2646) Khanty-Mansiysk 2015}) 10. O-O-O {And now Bxf6 would win.White is slightly better.} b4 11. axb4 Nxb4 12. e5 ({Better is} 12. Qc4 $14 Qxc4 13. Bxc4) 12... dxe5 $11 13. fxe5 Nfd5 14. Nf5 $2 {[%mdl 8192] [#]} (14. Nxd5 $11 Nxd5 15. Qc4) 14... Nxc3 $19 {Black is clearly winning.} 15. bxc3 Na2+ 16. Kb2 Rb8+ 0-1

[Event "Diamond Cement GM Open 2018"]
[Site "Chittagong"]
[Date "2018.09.09"]
[Round "10"]
[White "Subramaniam, Sumant"]
[Black "Dhar-Barua, Saheli"]
[Result "1-0"]
[WhiteElo "2103"]
[BlackElo "2027"]
[Annotator "TA"]
[PlyCount "73"]
[EventDate "2018.09.02"]
[EventCountry "BAN"]
[SourceTitle "playchess.com"]
[Source "ChessBase"]
[SourceQuality "1"]

{[%evp 9,73,15,35,23,26,24,29,29,29,21,53,53,50,48,58,38,54,50,52,54,64,50,88,86,101,90,227,101,100,56,51,26,16,29,66,69,190,171,171,43,59,20,125,43,148,147,364,370,314,318,512,510,520,506,694,693,845,846,1682,1643,1714,1671,29989,29990,29998,29999]} 1. b3 f5 2. Bb2 Nf6 3. Bxf6 (3. c4 d6 4. d4 g6 5. g3 Bg7 6. Bg2 e6 7. Nf3 O-O 8. O-O Qe7 9. Nc3 c6 10. a4 Rd8 11. Qc2 {1-0 (69) Hou,Y (2653)-Muzychuk,M (2545) Hancheng 2016}) 3... exf6 4. d4 d5 5. e3 Bd6 6. g3 {A01: Nimzowitsch-Larsen Opening} O-O $146 ({Predecessor:} 6... c6 7. Bg2 Be6 8. Ne2 Bf7 9. O-O Nd7 10. Qd3 Bg6 {½-½ (58) Gonzalez Rodriguez,J (2372)-Capellades Subirana,M (2182) Barcelona 2012}) 7. Bg2 c6 8. Ne2 {White has an edge.} Na6 9. O-O g5 10. c4 Be6 11. Nbc3 {[%cal Rc4d5]} Nc7 12. Qd3 Qe8 13. c5 Be7 14. b4 a6 15. a4 Qg6 16. b5 axb5 17. axb5 Bd7 {[#]} (17... h5 $16) 18. bxc6 (18. b6 $1 $18 {[%cal Rb6c7]} Ne6 19. Ra7) 18... bxc6 $16 19. Rfb1 Rfb8 20. Na4 Rxb1+ 21. Qxb1 Qe8 22. Nb6 Rb8 ({Black should play} 22... Rxa1 $14 23. Qxa1 Be6) 23. Ra7 Bd8 24. Qa2 ({Better is} 24. Nc3 $18) 24... Be6 $14 25. Nc3 $36 {[%mdl 2048] White is more active.} Kh8 (25... f4 $11) 26. Bf1 (26. Qb1 $16) 26... f4 (26... Bf7 $14) 27. exf4 $16 gxf4 $2 {[#]} (27... Bf5 $16 {might work better.}) 28. Qd2 $1 $18 fxg3 29. hxg3 ({Less strong is} 29. fxg3 Qh5 $16) 29... Qh5 $2 (29... Bg8 {was called for.} 30. Qf4 Qe7) 30. Qf4 Bg4 31. Qd6 {[%cal Rd6f8]} Qf7 {If Black can now play ...Qe6 this consolidates a bit.} 32. Qxc6 Bf3 33. Bg2 Qe7 34. Bxf3 Qe1+ 35. Kg2 Qxc3 36. Rxc7 Bxc7 37. Qxf6+ {Precision: White = 44%, Black = 20%.} 1-0